[Event "EU-ch 10th"]
[Site "Budva"]
[Date "2009.03.09"]
[Round "4"]
[White "Gagunashvili, Merab"]
[Black "Meier, Georg"]
[Result "0-1"]
[WhiteElo "2585"]
[BlackElo "2608"]
[Annotator "Meier,Georg"]
[PlyCount "106"]
[EventDate "2009.03.06"]
[EventType "swiss"]
[EventRounds "11"]
[EventCountry "MNE"]
[SourceTitle "CBM 130"]
[Source "ChessBase"]
[SourceDate "2009.05.20"]
[SourceVersion "1"]
[SourceVersionDate "2009.05.20"]
[SourceQuality "1"]

{1, 2, 3, ... bisher war das Punktesammeln perfekt verlaufen, doch von Merab
erwartete ich einen ruhigen Dc2-Nimzoinder und folglich ein Remis ohne große
Aufregung.} 1. d4 e6 2. c4 Nf6 3. Nc3 Bb4 4. Qc2 O-O 5. a3 Bxc3+ 6. Qxc3 b6 7.
Bg5 Bb7 8. Nh3 {Eine Überraschung, die mich schon sofort aus dem "Buch" warf.
Allerdings haben solche Überraschungen auch eine angenehme Seite: statt in
einer der Hauptvarianten eine Weile um den Ausgleich kämpfen zu müssen und
dann nach bestandener "Theorie-Prüfung" aller Wahrscheinlichkeit nach ins
Remis entlassen zu werden, kann sich nach solch frühen Abweichungen ein
interessanter Kampf um die Initiative/Vorteil entspinnen, in dem die Chancen
des Schwarzen wenigstens nicht schlechter sind. Denn eines ist klar: mit einem
exzentrischen Zug wie 8.Nh3 gibt Weiß zugunsten des Überraschungseffekts
seinen Anzugsvorteil auf.} h6 9. Bh4 c5 $6 ({Laut Auskunft der MegaBase greift
Schwarz hauptsächlich zu} 9... d5 {und nach} 10. cxd5 exd5 11. e3 c5 12. dxc5
d4 $1 {wird klar, dass es das richtige Vorgehen ist: Der schwarze
Entwicklungsvorsprung kommt durch die Stellungsöffnung voll zur Geltung.}) 10.
dxc5 bxc5 11. Bxf6 $2 {Mit dem Läuferpaar trennt sich Weiß auch von seinen
Chancen auf Vorteil.} (11. f3 $142 Nc6 12. e3) 11... Qxf6 12. Qxf6 gxf6 13. e3
$6 {Nichtsahnend fuhr Merab schablonenhaft mit der Entwicklung fort.} ({
Weiß konnte folgendermaßen eine vernünftige Koordination herstellen:} 13. Nf4
Rc8 14. O-O-O {(Der König kann hier die Verteidigung des Damenflügels
maßgeblich unterstützen.)} Kf8 15. Rg1 $1 (15. Rd3 Ke7 16. Rh3 {ist riskant}
Nc6 17. Rxh6 Ne5 $36) 15... Ke7 16. g4 {(fixiert h6 und erlaubt die
Aktivierung des Turmes über die 3. Reihe)} Nc6 17. Bg2 {(Es ist wichtig den
ansonsten nutzlosen Läufer gegen eine der potenziell überlegenen schwarzen
Leichtfiguren zu tauschen)} Na5 (17... Rab8 18. Bxc6 Bxc6 19. Rg3) 18. Bxb7
Nxb7 19. Rg3 Na5 20. b3 Rab8 21. Kc2 Rb7 22. Re3 Rcb8 23. Rdd3 {Weiß hält das
Gleichgewicht.}) 13... Rc8 $1 {Dieser unscheinbare Turmzug war aus meiner
Sicht der wichtigste Moment in der Partie: Von c8 aus wird der R, wie später
ersichtlich, das Auflösen des anfälligen weißen Damenflügels durch b2-b4
unterdrücken während der König, sobald er nach e7 überführt ist, die übrigen
Figuren von jeglichen Verteidigungsaufgaben befreit.} 14. Be2 Kf8 15. O-O Nc6 (
15... Ke7 $2 16. b4) 16. Rfd1 Ke7 17. Nf4 Ne5 {[%csl Rc4][%cal Ge5c4,Gc8c4,
Rb2b4]} 18. Rac1 a5 {Die Schwäche auf b2 ist nun fixiert und damit der
schwarze Vorteil gefestigt.} 19. Nd3 Rab8 20. f4 $6 {Eine passive, schlechtere
Stellung verteidigend muss man unbedingt vermeiden weitere Schwächen zu
schaffen. Nun entsteht ein positionelles Loch auf e4.} (20. f3 Bc6 21. Rd2 Nxd3
22. Bxd3 Rb3 23. Re1 Rcb8 24. Ree2 f5 $15 (24... Bb7 25. Bb1)) (20. Rd2) 20...
Nxd3 21. Bxd3 Bc6 22. Rd2 Rb3 23. Rf1 $6 (23. Re1 Rcb8 24. Ree2 f5) 23... f5
24. Rff2 h5 $6 ({Nach} 24... Bb7 $1 25. Rfe2 Ba6 $19 {bricht Weiß sofort
zusammen.}) 25. Rfe2 Rcb8 26. Bb1 Be4 $1 27. Bxe4 fxe4 {Nun ensteht eine
gewinnbringende Bauernlawine im Zentrum.} 28. Kf2 f5 29. Kg3 Rd3 30. Kh4 ({
zunächst ist Rybka sehr optmistisch für Weiß (=) nach diesem Tausch,
allmählich erkennt aber auch die Engine, dass die Bauern nach} 30. Rxd3 exd3
31. Rd2 Rb3 32. Kh4 d5 33. cxd5 exd5 34. Kxh5 c4 35. Kg5 Rxb2 $19 {
durchbrechen,was für Menschen natürlich offensichtlich ist :)}) 30... Rbb3 31.
Kxh5 Rxe3 32. Rxe3 Rxe3 33. g4 {Ich verpasste nun den thematischen Durchbruch
mit e5 und fand stattdessen einen komplizierteren aber ebenso ausreichenden
Gewinnweg.} Rd3 (33... e5 $19) 34. Rg2 Rh3+ (34... e5 $19) 35. Kg6 (35. Kg5 Rh8
36. h3 Rxh3 37. gxf5 Rh8 $19) 35... fxg4 36. f5 Rf3 $1 37. fxe6 Kxe6 $19 38.
Kg5 Ke5 39. Kxg4 Rf7 40. h4 e3 41. h5 Ke4 42. h6 Kd3 43. Kh5 e2 44. Rg3+ Kd2
45. Rg2 Kd1 46. Rg7 Rxg7 47. hxg7 e1=Q 48. g8=Q Qh1+ 49. Kg6 Qg2+ 50. Kf7 Qxg8+
51. Kxg8 Kc2 52. Kf7 Kxb2 53. Ke7 Kxa3 0-1

[Event "Metz op 31th"]
[Site "Metz"]
[Date "2013.04.24"]
[Round "4"]
[White "Hilverda, Alexander"]
[Black "Wirig, Anthony"]
[Result "0-1"]
[WhiteElo "2329"]
[BlackElo "2481"]
[Annotator "Metz Alekhine/Primel,D"]
[PlyCount "72"]
[EventDate "2013.04.20"]
[EventType "swiss"]
[EventRounds "9"]
[EventCountry "FRA"]
[SourceTitle "EXT 2016"]
[Source "ChessBase"]
[SourceDate "2015.10.08"]
[SourceVersion "1"]
[SourceVersionDate "2015.10.08"]
[SourceQuality "1"]
[TimeControl "40/5400:1800+30"]
[WhiteClock "1:30:00"]
[BlackClock "1:30:00"]

1. d4 Nf6 2. c4 e6 3. Nc3 Bb4 4. Qc2 O-O 5. a3 (5. Nf3 c5 6. dxc5 Na6 7. c6
bxc6 8. a3) 5... Bxc3+ 6. Qxc3 d6 (6... d5 7. Bg5 (7. cxd5 Ne4 8. Qc2 exd5 9.
Bf4 Bf5 10. Qxc7) 7... c5 8. dxc5 d4 9. Qg3 Nc6 10. O-O-O e5 11. Nf3 Ne4 12.
Bxd8 Nxg3 13. hxg3 Rxd8 $11 {Morozevich,A (2750)-Karpov,A (2619) Wch Blitz 5th
2009 (25) 1-0}) 7. Nf3 b6 8. g3 Bb7 9. Bg2 a5 10. b3 Nbd7 11. O-O Be4 (11...
Qe7 {[%cal Ge6e5]}) 12. Bb2 Qb8 {[%cal Gb8b7]} 13. Bh3 $1 {[%cal Gf3d2] Une
manoeuvre classique pour éviter l'échange des B après Nd2} (13. a4 Rd8 14.
Rfe1 h6 15. Bh3 Bh7 16. Nd2 c6 17. Bg2 d5 {1/2-1/2 (17) Maiorov,N (2552)
-Zhigalko,S (2682) Minsk 2014}) 13... b5 14. Nd2 bxc4 15. bxc4 Nb6 $146 (15...
Bg6 16. Bg2 d5 17. Rac1 c6 18. Ba1 Ra7 19. f3 Re8 20. e4 Kh8 21. Rfe1 a4 22.
Qe3 Rb7 23. g4 dxe4 24. g5 Nh5 25. fxe4 Qf4 26. e5 Rc7 27. Bc3 Rb8 28. Re2
Qxe3+ 29. Rxe3 Nf4 30. Bh1 Bf5 31. Rf1 Ng6 32. Ba5 Ra7 33. Bb4 c5 34. dxc5
Ndxe5 35. c6 Rc8 36. c7 Raxc7 37. c5 h6 38. gxh6 gxh6 39. Rf2 Ng4 40. Rxf5 Nxe3
41. Rh5 Kh7 42. Rh3 Nd5 43. Ne4 Ngf4 44. Rf3 f5 45. Nf6+ {Manoeuvre,A (2111)
-Saiboulatov,D (2370) France 2009 0-1}) 16. Nxe4 Nxe4 17. Qc2 Nxc4 $1 18. Qxc4
Qxb2 19. Rfc1 d5 $1 20. Qd3 (20. Qxc7 Qxe2 $17 {[%csl Rd4]}) 20... c5 21. dxc5
Nxc5 $36 22. Qc3 Qxc3 23. Rxc3 Ne4 24. Rc7 Rfc8 25. Rac1 Rxc7 26. Rxc7 g6 27.
Bg2 Nd2 28. Rc2 Nb1 $1 29. a4 Rb8 30. Rc6 Nd2 31. f4 $6 {[%csl Re3]} Nb3 32.
Rc3 Rb4 33. e3 Nd2 34. Rd3 Nc4 $19 35. e4 Nb2 36. Rd2 dxe4 0-1

[Event "Metz op 31th"]
[Site "Metz"]
[Date "2013.04.23"]
[Round "6"]
[White "Hilverda, Alexander"]
[Black "Nguyen, Chi Minh"]
[Result "0-1"]
[WhiteElo "2329"]
[BlackElo "2372"]
[Annotator "Metz Alekhine/Primel,D"]
[PlyCount "38"]
[EventDate "2013.04.20"]
[EventType "swiss"]
[EventRounds "9"]
[EventCountry "FRA"]
[SourceTitle "EXT 2016"]
[Source "ChessBase"]
[SourceDate "2015.10.08"]
[SourceVersion "1"]
[SourceVersionDate "2015.10.08"]
[SourceQuality "1"]
[TimeControl "40/5400:1800+30"]
[WhiteClock "1:30:00"]
[BlackClock "1:30:00"]

1. d4 Nf6 2. c4 e6 3. Nc3 Bb4 4. Qc2 O-O 5. a3 Bxc3+ 6. Qxc3 b5 $5 {Les Noirs
ont des bons résultats avec ce gambit.} (6... c5 7. Nf3) 7. cxb5 c6 8. Bg5 {
L'acceptation du gambit est risquée} (8. bxc6 Nxc6 9. Bg5 Bb7 $44) 8... cxb5
9. e3 Bb7 10. Nf3 {93} h6 {88 Les deux adversaires sont bien préparés et ils
jouent vite l'ouverture} (10... a6) 11. Bh4 (11. Bxf6 Qxf6 12. Be2 Rc8 13. Qd3
a6 14. O-O Nc6 15. Nd2 Na5 16. Rfc1 Bd5 $11) 11... g5 (11... Nc6 12. Bxb5) (
11... a6 12. Bd3 Nc6 13. Qd2 (13. O-O d6 14. Rac1 Rc8 $11)) 12. Bg3 Ne4 13. Qc2
(13. Qd3 f5 14. Nd2 a6 15. Nxe4 (15. Rc1 Nxg3) 15... Bxe4 16. Qd2 Nc6 17. Bd6
Na5 {Turov,M (2630)-Naiditsch,A (2708) EU-ch blitz Warsaw 2012 (4) 0-1} (17...
Rf7 18. f3 Bd5 19. Rc1 Na5 $11 {[%cal Ga5c4,Ga5b3]})) 13... Na6 {[%csl Rc2,Re1]
[%cal Ga8c8]} 14. b4 (14. Nd2 Rc8 $44) 14... Rc8 15. Qb2 {74} h5 $5 $146 {
[%csl Rg3] Paradoxalement, le K Noir est moins exposé par cette avance que le
K Blanc} (15... Nc7 16. Bd3 {Drozdovskij,Y (2603)-Naiditsch,A (2700) World Cup
ACP 3rd rapid 2009 (1.1) 1/2-1/2}) 16. Nd2 (16. h4 $5 {Probablement un moindre
mal pour les Blancs} Nxg3 17. fxg3) 16... h4 $36 17. Nxe4 Bxe4 18. Bd6 Rc2 $40
19. Qb3 Qf6 {[%csl Ra1,Rf2] Suite illisible et gain Noir au 26ème coup} 0-1

[Event "Metz op 30th"]
[Site "Metz"]
[Date "2012.04.17"]
[Round "5"]
[White "Colovic, Aleksandar"]
[Black "Sanikidze, Tornike"]
[Result "1/2-1/2"]
[WhiteElo "2436"]
[BlackElo "2549"]
[Annotator "Metz Alekhine/Primel,D"]
[PlyCount "44"]
[EventDate "2012.04.14"]
[EventType "swiss"]
[EventRounds "9"]
[EventCountry "FRA"]
[SourceTitle "EXT 2013"]
[Source "ChessBase"]
[SourceDate "2012.11.22"]
[SourceVersion "1"]
[SourceVersionDate "2012.11.22"]
[SourceQuality "1"]

1. d4 Nf6 2. c4 e6 3. Nc3 Bb4 4. Qc2 O-O 5. e4 d6 (5... d5) 6. a3 Bxc3+ 7. bxc3
e5 8. Bd3 c5 9. Ne2 Nc6 10. d5 Na5 (10... Ne7) 11. O-O (11. Ng3 Nd7 12. Rb1 Re8
13. O-O b6 14. Nf5 Nf8 15. Ne3 Ng6 16. Re1 Nf4 17. Bf1 Rf8 18. f3 g6 19. g3 Nh5
20. Bd3 Kh8 21. Rb2 Bh3 22. Ng4 f6 23. Kh1 Qe7 24. Qb1 Rae8 25. Rbe2 Qf7 26.
Bh6 Rg8 27. Bd2 Rgf8 28. Rg1 Re7 29. Ree1 Qe8 30. Qd1 Ng7 31. Bh6 Bxg4 32. fxg4
g5 33. h4 Qg6 34. Bxg7+ Kxg7 35. Rgf1 h6 36. Rf2 Kg8 37. hxg5 hxg5 38. Rh2 Rh7
39. Rh5 Qe8 40. Kg2 Kg7 {Topalov,V (2752)-Vallejo Pons,F (2697) Leon 2012 1-0 
(61)}) 11... b5 $1 12. Ng3 (12. cxb5 c4) 12... bxc4 13. Be2 Nb3 $146 {Un thème
tactique joué également sur la variante Saemisch pour échanger le Bc1 qui est
potentiellement dangereux} (13... h6 14. Be3 g5 15. h4 Ng4 16. Bxg4 Bxg4 17. f3
Bd7 18. Kf2 f6 19. Rh1 Rf7 20. Rh2 Rh7 21. Rah1 g4 22. h5 Rb8 23. fxg4 Bxg4 24.
Rh4 Bd7 25. Nf5 Bxf5 26. exf5 Qb6 27. Rg4+ Kf7 28. Qa4 Qb2+ 29. Kf3 Rb5 30. Rc1
a6 31. Qd1 Nb3 32. Rc2 Qxa3 33. Rxc4 Rg7 34. Bxh6 Rh7 35. Be3 Rxh5 36. Kg3 Rh7
37. Rh4 Rxh4 38. Kxh4 Qa4+ 39. c4 Na5 40. Qh5+ Ke7 41. Qh7+ Kd8 42. Qg8+ Kc7
43. Qf7+ {Hayrapetian,H (2406)-Idani,P (2448) Yerevan 2012 1/2-1/2}) 14. Rb1
Nxc1 15. Rfxc1 Bd7 $11 16. Bxc4 Qc7 17. Bb5 $1 {[%csl Gf5] Menace non seument
d'échanger le mauvais B des Blancs mais aussi d'affaiblir la case "f5"} g6 18.
Qd2 Bxb5 (18... Rab8 19. a4) 19. Rxb5 Rab8 20. Rcb1 Rxb5 21. Rxb5 Rb8 22. Qb2
Rxb5 1/2-1/2

[Event "Metz op 30th"]
[Site "Metz"]
[Date "2012.04.18"]
[Round "7"]
[White "Sumets, Andrey"]
[Black "Turov, Maxim"]
[Result "1/2-1/2"]
[WhiteElo "2587"]
[BlackElo "2658"]
[Annotator "Metz Alekhine/Primel,D"]
[PlyCount "58"]
[EventDate "2012.04.14"]
[EventType "swiss"]
[EventRounds "9"]
[EventCountry "FRA"]
[SourceTitle "EXT 2013"]
[Source "ChessBase"]
[SourceDate "2012.11.22"]
[SourceVersion "1"]
[SourceVersionDate "2012.11.22"]
[SourceQuality "1"]

1. d4 {01H30} Nf6 2. c4 e6 3. Nc3 Bb4 4. Qc2 O-O 5. a3 Bxc3+ 6. Qxc3 b6 7. Bg5
(7. f3) (7. Nf3) 7... Bb7 8. f3 h6 (8... c5) (8... d6) 9. Bh4 d5 10. e3 Nbd7
11. cxd5 Nxd5 12. Bxd8 Nxc3 13. Bh4 Nd5 14. Bf2 f5 (14... c5 {La grande ligne})
15. Bb5 c6 16. Bd3 Rae8 $32 17. Ne2 e5 18. O-O exd4 (18... e4 19. fxe4 fxe4 20.
Bc4 $14 {Alterman,B (2585)-Psakhis,L (2605) ISR-ch Tel Aviv 1994 (9) 1/2}) 19.
exd4 Nb8 $5 {[%cal Gb7a6]} 20. Nc3 (20. Rac1 Ba6 $11) 20... Ba6 21. Bxa6 Nxa6
22. Nxd5 cxd5 23. Rac1 {Toujours théorique!} Re2 (23... f4 24. Rfe1 Kf7 25. Rc6
Rc8 26. Rec1 Rxc6 27. Rxc6 Ke7 28. Be1 Kd7 29. Rg6 Rf7 30. Bb4 Nc7 31. Rd6+ Ke8
32. a4 Rd7 33. Rc6 Kf7 34. Bd6 Ne6 35. Be5 Ke7 36. b4 Rd8 37. a5 Kd7 38. b5 Rc8
39. Rd6+ Ke7 40. axb6 Rc1+ 41. Kf2 Rc2+ 42. Kf1 Rc1+ 43. Ke2 axb6 44. Rxb6 Rc2+
45. Kd3 Rxg2 46. Bd6+ Kf7 47. Rb7+ Kg6 48. b6 Rb2 49. Be5 Kh5 50. Kc3 Rb5 51.
Rb8 Ng5 52. Bxf4 Nxf3 53. Be5 {Feller,S (2657)-Volokitin,A (2677)
Aix-les-Bains 2011 1-0 (72)}) 24. Rfe1 $146 (24. b4 Rf7 25. Rc8+ Kh7 26. Rfc1
Rb2 27. h4 h5 28. Be1 f4 29. Kf1 Rd7 30. Rf8 Nc7 31. Rxf4 Nb5 32. a4 Nd6 33.
Rc6 Rb1 34. a5 bxa5 35. bxa5 Nc4 36. Re6 Nxa5 37. Rf5 g6 38. Rg5 Nb3 39. Rgxg6
Nxd4 40. Rh6+ Kg7 41. Reg6+ Kf7 42. Rg5 {1/2-1/2 (42) Volek,S (2308)-Bucek,J 
(2379) ICCF email 2009}) 24... Rxb2 25. Re7 Rf7 26. Rc8+ Rf8 27. Rc1 Rf7 28.
Rc8+ Rf8 29. Rc1 Rf7 {La nulle arrangeait les deux adversaires qui jouaient а
la table 1.} 1/2-1/2

[Event "Antwerp op"]
[Site "Antwerp"]
[Date "1996.??.??"]
[Round "3"]
[White "Sokolov, Ivan"]
[Black "Polaczek, Richard"]
[Result "1-0"]
[WhiteElo "2670"]
[BlackElo "2420"]
[Annotator "Meulders,R"]
[PlyCount "81"]
[EventDate "1996.07.??"]
[EventType "swiss"]
[EventRounds "9"]
[EventCountry "BEL"]
[SourceTitle "EXT 1997"]
[Source "ChessBase"]
[SourceDate "1996.11.15"]
[SourceVersion "1"]
[SourceVersionDate "1996.11.15"]
[SourceQuality "1"]

1. d4 Nf6 2. c4 e6 3. Nc3 Bb4 4. Qc2 O-O 5. e4 $6 {In seinem Buch
"Nimzo-Indian Defence. Classical Variation" nennt Sokolov diesen Zug "sehr
riskant". Gegen jemand mit 250 Elopunkte weniger will er es aber versuchen.} d5
6. e5 Ne4 7. a3 (7. Bd3 c5 8. dxc5 Nd7 9. Nf3 Ndxc5 10. O-O Bxc3 11. bxc3 Nxd3
12. Qxd3 b6 $1 13. Ba3 Re8 14. Rfd1 Ba6 $17 {Kaidanov-Kharitonov,Smolensk 1986}
) 7... Bxc3+ 8. bxc3 c5 9. Bd3 cxd4 (9... Qa5 10. Ne2 (10. Bxe4 dxe4 11. Bd2
Qa6 12. Qa2 Nc6) (10. Bd2 Nxd2 11. Qxd2 cxd4) 10... cxd4 11. O-O dxc3 12. Be3
Nc6 13. cxd5 exd5 14. f3 Nd2 15. Bxh7+ Kh8 16. Bxd2 cxd2 $17 {
Kelecevic-Abramovic, Yugoslavia 1984}) 10. cxd5 exd5 11. cxd4 f6 $1 {Schwarz
will das weisse Zentrum schnellstens vernichten.} 12. exf6 Qxf6 13. Be3 Nc6 14.
Ne2 Bf5 15. O-O Nd6 $1 16. Nf4 Bxd3 17. Qxd3 Qf7 18. Rac1 Rad8 19. Rc5 Nf5 20.
g3 {Um nach ...Sxe3 mit der Dame zuruecknehmen zu koennen. Falls der f-Bauer
zurueckschlaegt, ist nach ...g5 mit folgendem tausch auf f1 der Gewinn
problematisch.} Rd6 21. Rfc1 Nxe3 22. Qxe3 Re8 23. Qd3 Re4 24. Rxd5 Rxd5 25.
Qxe4 Rxd4 26. Qe3 {Die Stellung ist jetzt ausgeglichen, aber nach dem
Mittelspiel haben die Goetter natuerlich das Endspiel gesetzt. Es beginnt nun
eine Lavierphase, in der Weiss versuchen wird den gegner um zu stossen.} Rd8 {
Es drohte Txc6} 27. h4 Re8 28. Qc5 Re5 29. Qc3 Re7 30. h5 Rd7 31. Kg2 Re7 32.
Rb1 Qf5 33. Rd1 Qf7 34. h6 gxh6 35. Rd6 Rd7 36. Rxh6 Qg7 37. Qc4+ Qf7 38. Ne6 {
Notwendig um weiter zu kommen, aber der Textzug gibt Polaczek eine
ausgezeichnete Chance die Stellung weiter zu vereinfachen.} Rd4 $2 {Schade;
mit einem Scheinopfer haette Schwarz warscheinlich das remis geschafft. Jetzt
geht es schnell bergab.} (38... Qf3+ $1 39. Kxf3 Ne5+ 40. Ke4 Nxc4 41. a4 (41.
Rf6 Nd6+ 42. Ke5 Nf7+ $10) 41... b6 42. f4 Nd6+ 43. Kf3 Nf7 $10) (38... Rd6 $5)
39. Qc5 Rg4 (39... Rd7 40. Qg5+ Kh8 41. Rf6 $18) 40. Ng5 $1 Qc4 41. Qf5 $1 1-0